Tool Engineering & Design / (Record no. 32570)

000 -LEADER
fixed length control field 00388nam a22001697a 4500
003 - CONTROL NUMBER IDENTIFIER
control field NUS
020 ## - INTERNATIONAL STANDARD BOOK NUMBER
International Standard Book Number 817409203-X
038 ## - RECORD CONTENT LICENSOR
Staff Name khadija
082 ## - DEWEY DECIMAL CLASSIFICATION NUMBER
Classification number 621.902
Author Mark NAG
100 ## - MAIN ENTRY--PERSONAL NAME
Personal name Nagpal, G.R
9 (RLIN) 83710
245 ## - TITLE STATEMENT
Title Tool Engineering & Design /
Statement of responsibility, etc. G.R. Nagpal
260 ## - PUBLICATION, DISTRIBUTION, ETC.
Place of publication, distribution, etc. New Delhi:
Name of publisher, distributor, etc. Khanna;
Date of publication, distribution, etc. 2009.
300 ## - PHYSICAL DESCRIPTION
Extent 705;
Other physical details 705p. ;
500 ## - GENERAL NOTE
General note Paperback.
563 ## - BINDING INFORMATION
Binding note PB
942 ## - ADDED ENTRY ELEMENTS (KOHA)
Koha item type Book
Source of classification or shelving scheme
Holdings
Withdrawn status Lost status Source of classification or shelving scheme Damaged status Not for loan Permanent Location Current Location Shelving location Date acquired Full call number Barcode Date last seen Price effective from Koha item type
          School of Mechanical & Manufacturing Engineering (SMME) School of Mechanical & Manufacturing Engineering (SMME) General Stacks 10/05/2015 621.902 NAG SMME-1374 03/28/2018 10/05/2015 Book
© 2023 Central Library, National University of Sciences and Technology. All Rights Reserved.